000 00917nam0a22002651 4500
001 rc\4035330
005 20250610231849.0
021 _aRU
_b90-РК-1620/5
021 _aRU
_bРГ-3440
035 _a(NLR Aleph) 007954800
090 _a8362125
_c8362125
100 _a20130415d1946 |||y0rusy50 ca
101 0 _arus
102 _aRU
105 _aa z |||||
200 1 _aОсновы маячной оптики и светотехники
_fИнж.-майор, канд. ф.-м. наук Н.С. Левченя
_gУпр. воен.-мор. учеб. заведений воен.-мор. сил
210 _aМосква
_cВоениздат
_d1946
215 _a242 с.
_cил.
_d22
320 _aБиблиогр.: с. 240
700 1 _aЛевченя
_bН.С.
_gНиколай Семенович
801 0 _aRU
_bNLR
_gpsbo
801 1 _aRU
_bELAR
_2rusmarc
852 _aNLR
_j90-5/1278
942 _cBOOK
980 _aNB